| 000 | 00929cab a2200265 4500 | ||
|---|---|---|---|
| 001 | ABS44922 | ||
| 008 | 090401t1991 xxu||||| |||| 00| 0 eng d | ||
| 035 | _a(Sirsi) u49895 | ||
| 041 | _aeng | ||
| 100 | _aFitzpatrick, F | ||
| 245 | _aRetention funds in building contracts | ||
| 260 | _c1991 | ||
| 350 | _a0 | ||
| 490 |
_aNew Law Journal _v141(6513) 19 July 1991, 1007-1008 (2) |
||
| 520 | _aExamines the precarious position of the contractor if the employer becomes insolvent and retention monies have not been held in a separate fund. | ||
| 650 | _aBUILT ENVIRONMENT-BUILDING CONTRACT FORMS | ||
| 650 | _aCLAIMS | ||
| 650 |
_aInsolvency _96247 |
||
| 650 | _aRE ARTHUR SANDERS LTD | ||
| 650 | _aSPACE INVESTMENTS LTD V CANADIAN IMPERIAL BAND OF COMMERCE | ||
| 650 | _aWATES CONSTRUCTION LTD V FRANTHOM PROPERTY LTD | ||
| 690 | _aBUILT ENVIRONMENT-BUILDING CONTRACT FORMS | ||
| 942 | _n0 | ||
| 948 | _c04/03/1997 | ||
| 999 |
_c31237 _d31237 |
||